000 01184nam a2200289 i 4500
001 bg
245 0 0 _aPrawo ochrony środowiska Wspólnoty Europejskiej.
_nSupl. 1,
_pZagadnienia ogólne, powietrze /
_c[red. wyd. Janusz Żurek, Marta Radwan, Krzysztof Kacprzyk ; tł. z ang. Krzysztof Brzózka, Roman Tertil, Stanisław Węglarczyk] ; Min. Ochrony Środowiska, Zasobów Naturalnych i Leśnictwa, [Instytut Ochrony Środowiska.
260 _aWarszawa :
_b"GEA",
_ccop. 1997.
300 _aXXXI, 365 s. :
_b1 mapa, rys. ;
_c24 cm.
650 9 _aPrawo wspólnotowe europejskie
650 9 _aŚrodowisko człowieka
_xochrona
_xprawo
_zEuropa
700 1 _aŻUREK, Janusz.
_eRed.
700 1 _aRADWAN, Marta.
_eRed.
700 1 _aKACPRZYK, Krzysztof.
_eRed.
700 1 _aBRZÓZKA, Krzysztof.
_eTł.
700 1 _aTERTIL, Roman.
_eTł.
700 1 _aWĘGLARCZYK, Stanisław.
_eTł.
020 _a8386467088 (supl.1)
020 _a8386467002 (t.1-7, supl. 1-2)
040 _cBPK
041 1 _apl
080 _a504:349.6](4)(094)
920 _a83-86467-08-8 ((supl.1))
920 _a83-86467-00-2 ((t.1-7, supl. 1-2))
942 _cKS
008 s pl f |000 0 pol
999 _c31405
_d31405
856 _uhttp://koha.tu.koszalin.pl/cgi-bin/koha/opac-detail.pl?biblionumber=31405
_yKatalog online BPK